كشف الأسرار عن حكم الطيور و الأزهار و يليه الصارح و الباغم لابن الهبارية : (رقم التسجيلة. 6426)
[ عرض عادي ]
| 000 -LEADER | |
|---|---|
| fixed length control field | 00866nam a22002177a 4500 |
| 005 - DATE AND TIME OF LATEST TRANSACTION | |
| control field | 20251108164217.0 |
| 008 - FIXED-LENGTH DATA ELEMENTS--GENERAL INFORMATION | |
| fixed length control field | 250721s1995 xx 000 0 ara d |
| 082 14 - DEWEY DECIMAL CLASSIFICATION NUMBER | |
| Classification number | 818/مقد |
| 100 1# - MAIN ENTRY--PERSONAL NAME | |
| Personal name | إبن عبد السلام، عز الدين أبو محمد عبد العزيز |
| 245 10 - TITLE STATEMENT | |
| Title | كشف الأسرار عن حكم الطيور و الأزهار و يليه الصارح و الباغم لابن الهبارية : |
| Remainder of title | من الأدب العربي / |
| 264 1# - PRODUCTION, PUBLICATION, DISTRIBUTION, MANUFACTURE, AND COPYRIGHT NOTICE | |
| Place of production, publication, distribution, manufacture | بيروت : |
| Name of producer, publisher, distributor, manufacturer | دار المواسم، |
| Date of production, publication, distribution, manufacture, or copyright notice | 1995. |
| 300 ## - PHYSICAL DESCRIPTION | |
| Extent | 269 ص. |
| 490 0# - SERIES STATEMENT | |
| Series statement | الأمثال و الحكم في أداب الشعوب و الأمم ؛1 |
| 650 17 - SUBJECT ADDED ENTRY--TOPICAL TERM | |
| Topical term or geographic name as entry element | الأدب العربي |
| 650 17 - SUBJECT ADDED ENTRY--TOPICAL TERM | |
| Topical term or geographic name as entry element | الحكم (الأمثال) |
| 650 17 - SUBJECT ADDED ENTRY--TOPICAL TERM | |
| Topical term or geographic name as entry element | الشعر العربي |
| 650 17 - SUBJECT ADDED ENTRY--TOPICAL TERM | |
| Topical term or geographic name as entry element | الأمثال |
| 700 1# - ADDED ENTRY--PERSONAL NAME | |
| Personal name | عاصي، حسن |
| Relator term | تحقيق |
| 942 ## - ADDED ENTRY ELEMENTS (KOHA) | |
| Source of classification or shelving scheme | Dewey Decimal Classification |
| Koha item type | مراجع |
| حالة السحب | حالة الفقدان | مصدر التصنيف | حالة التلف | غير قابل للإعارة | المكتبة الرئيسية | المكتبة الحالية | موقع الرف | تاريخ التزويد | الرقم المتسلسل | Total Checkouts | رقم الإستدعاء | الباركود | تاريخ آخر ظهور | تاريخ الفاتورة | نوع المادة (كوها) |
|---|---|---|---|---|---|---|---|---|---|---|---|---|---|---|---|
| Dewey Decimal Classification | المكتبة المركزية | المكتبة المركزية | الإعارة | 06/07/2004 | 470254 | 818/مقد | 470254 | 28/07/2025 | 06/07/2004 | مراجع | |||||
| Dewey Decimal Classification | مكتبة أبو علندا العامة | مكتبة أبو علندا العامة | الإعارة | 14/11/2015 | [2275] | 818/مقد | PLD00364625 | 28/07/2025 | 14/11/2015 | مراجع | |||||
| Dewey Decimal Classification | مكتبة الأميرة ايمان العامة | مكتبة الأميرة ايمان العامة | الإعارة | 05/11/2013 | 11295 | 818/مقد | PLD00285038 | 28/07/2025 | 05/11/2013 | مراجع | |||||
| Dewey Decimal Classification | مكتبة الجويدة | مكتبة الجويدة | الإعارة | 15/06/2015 | [6965] | 818/مقد | PLD00331500 | 28/07/2025 | 15/06/2015 | مراجع | |||||
| Dewey Decimal Classification | Not For Loan | مكتبة صويلح العامة | مكتبة صويلح العامة | مراجع | 05/10/2019 | 014229 | 818/مقد | PLD00470424 | 28/07/2025 | 05/10/2019 | مراجع | ||||
| Dewey Decimal Classification | Not For Loan | مكتبة وادي السير العامة | مكتبة وادي السير العامة | مراجع | 04/02/2016 | [7915].. | 818/مقد | PLD00371804 | 28/07/2025 | 04/02/2016 | مراجع |